| 000 | 00564nam a2200181Ia 4500 | ||
|---|---|---|---|
| 008 | 151018s9999 xx 000 0 und d | ||
| 082 |
_bRBASDV56943 _a891.463 |
||
| 100 | _aअरुण हरकारे | ||
| 245 | _aकाही तासांसाठी | ||
| 250 | _b1 | ||
| 260 |
_bजिद्द _c2011 |
||
| 300 | _a192 | ||
| 600 | _aअरुण हरकारे | ||
| 630 | _aकाही तासांसाठी | ||
| 700 | _aअरुण हरकारे | ||
| 730 | _aकाही तासांसाठी | ||
| 942 | _cBOOK | ||
| 999 |
_c1052366 _d1052363 |
||